Valuing commercial and industrial property for investment

Bibliographic Details
Main Author: Jonas, C. W.
Format: Book
Published: Reading : College of Estate Management , 1979
Series:Property valuation handbook no. 132
Subjects:

MARC

LEADER 00000cam a2200000 7i4500
001 0000009238
005 20160923.0
020 |a 0902132490 
040 |a INS 
090 0 0 |a HD1393.5   |b J66 1979 
100 1 |a Jonas, C. W. 
245 1 0 |a Valuing commercial and industrial property for investment   |c by C. W. Jonas 
260 |a Reading :   |b College of Estate Management ,   |c 1979 
300 |a 31p ;   |c 24cm. 
440 0 |a Property valuation handbook no. 132 
650 0 0 |a Property management 
650 0 0 |a Real estate management 
999 |a 0000023662   |b BOOK   |c Open Shelf   |e Default branch